El voluntariado social / (Record no. 85796)

MARC details
000 -CABECERA
campo de control de longitud fija 00751nam a2200229 a 4500
005 - FECHA Y HORA DE LA ÚLTIMA TRANSACCIÓN
campo de control 20210223124404.0
008 - ELEMENTOS DE LONGITUD FIJA--INFORMACIÓN GENERAL
campo de control de longitud fija 010716s1996 mx r 000 0 spa d
020 ## - NÚMERO INTERNACIONAL NORMALIZADO PARA LIBROS
Número Internacional Estándar del Libro 847043800X
035 ## - NÚMERO DE CONTROL DEL SISTEMA
Número de control de sistema UPN01000111888
049 ## - COLECCIÓN
Colección CG
050 #4 - SIGNATURA TOPOGRÁFICA DE LA BIBLIOTECA DEL CONGRESO
Número de clasificación HM134
Número de documento/Ítem P6.4 no.1.4 1996
100 1# - ASIENTO PRINCIPAL--NOMBRE PERSONAL
Nombre de persona Renes, Víctor
245 13 - MENCIÓN DE TÍTULO
Título El voluntariado social /
Mención de responsabilidad, etc. Víctor Renes, Elena Alfaro, Ofelia Ricciardelli.
260 ## - PUBLICACIÓN, DISTRIBUCIÓN, ETC.
Lugar de publicación, distribución, etc. 2a ed.
260 ## - PUBLICACIÓN, DISTRIBUCIÓN, ETC.
Lugar de publicación, distribución, etc. Madrid :
Nombre del editor, distribuidor, etc. CCS,
Fecha de publicación, distribución, etc. 1996.
300 ## - DESCRIPCIÓN FÍSICA
Extensión 175 p. :
Otras características físicas il.
440 #0 - MENCIÓN DE SERIE/ASIENTO SECUNDARIO--TÍTULO
Título Plan de formacion de animadores.
Nombre de parte o sección de la obra Bloque 1.
-- El hoy y el mañana de la animación.
-- Educación social ;
Designación de volumen o secuencia 1.4
650 #4 - ASIENTO SECUNDARIO DE MATERIA - TERMINO TEMATICO
Término de materia o nombre geográfico como elemento de entrada VOLUNTARIOS EN TRABAJO SOCIAL
9 (RLIN) 6199
700 1# - ASIENTO SECUNDARIO--NOMBRE DE PERSONAL
Nombre de persona Alfaro, Elena,
Término indicativo de función/relación coaut.
700 1# - ASIENTO SECUNDARIO--NOMBRE DE PERSONAL
Nombre de persona Riciardelli, Ofelia,
Término indicativo de función/relación coaut.
905 ## - TIPO DE MATERIAL
Tipo de material Libro
Holdings
Estado de retiro Estado de pérdida Fuente del sistema de clasificación o colocación Estado dañado No para préstamo Código de colección Localización permanente Ubicación/localización actual Ubicación en estantería Total de préstamos Clasificación Código de barras Fecha visto por última vez Número de copia Tipo de ítem Koha
    Library of Congress Classification     Colección General Bib. Gregorio Torres Quintero Bib. Gregorio Torres Quintero Planta baja 3 HM134 P6.4 no.1.4 1996 176747 31/12/2020 1 Libro
    Library of Congress Classification     Colección General Bib. Gregorio Torres Quintero Bib. Gregorio Torres Quintero Planta baja 1 HM134 P6.4 no.1.4 1996 193635 31/12/2020 1 Libro
    Library of Congress Classification     Colección General Bib. Gregorio Torres Quintero Bib. Gregorio Torres Quintero Planta baja 2 HM134 P6.4 no.1.4 1996 176748 31/12/2020 1 Libro
    Library of Congress Classification     Colección General Bib. Gregorio Torres Quintero Bib. Gregorio Torres Quintero Planta baja 1 HM134 P6.4 no.1.4 1996 176746 31/12/2020 1 Libro